Composition - Finale LDC 2025 : PSG - Inter Milan - Statistiques

Statistiques générales
  • Ce quiz a été pris 2 163 fois
  • Le résultat moyen est 24 sur 34
Statistiques - réponses
Joueurs % Correct
Achraf Hakimi
98%
Désiré Doué
98%
Gianluigi Donnarumma
98%
Ousmane Dembélé
98%
Nuno Mendes
97%
Willian Pacho
97%
Joao Neves
96%
Vitinha
96%
Fabian Ruiz
95%
Khvicha Kvaratskhelia
95%
Marquinhos
95%
Bradley Barcola
92%
Senny Mayulu
86%
Yann Sommer
86%
Lautaro Martinez
84%
Marcus Thuram
84%
Gonçalo Ramos
80%
Lucas Hernandez
75%
Warren Zaïre-Emery
73%
Frederico Dimarco
72%
Denzel Dumfries
71%
Nicolo Barella
71%
Alessandro Bastoni
67%
Francesco Acerbi
66%
Luis Enrique
63%
Benjamin Pavard
54%
Hakan Calhanoglu
44%
Simone Inzaghi
42%
Henrikh Mkhitaryan
32%
Yann Bisseck
31%
Matteo Darmian
18%
Carlos Augusto
16%
Nicola Zalewski
9%
Kristjan Asllani
8%
Aucun quiz correspondant
Distribution des résultats
% des personnes avec chaque résultat
Percentile par nombre de réponses
Votre historique - résultats
Vous n’avez pas pris ce quiz